| 000 | 00426nam a2200193Ia 4500 | ||
|---|---|---|---|
| 005 | 20240823060133.0 | ||
| 008 | 240823s9999||||xx |||||||||||||| ||und|| | ||
| 020 | _a81-219-3009-X | ||
| 041 | _aENGLISH | ||
| 082 | _A621.385 | ||
| 100 | _aSakthivel R | ||
| 245 | 0 | _aVLSI Design | |
| 250 | _a1st | ||
| 260 | _bS.Chand & Compan | ||
| 500 | _aYES | ||
| 650 |
_aVLSI Design _bElectronics |
||
| 942 | _cBK | ||
| 999 |
_c230420 _d230420 |
||